NP-movement and expletive chains

Bibliographic Details
Published in:Representation and derivation in the theory of grammar, ed. by Hubert Haider and Klaus Netter, Dordrecht, 1991, P.53-70 (Studies in natural language and linguistic theory)
Main Author: Taraldsen, Knut T.
Content type: Article
Published: 1991
Source:MPIPL_cat
_version_ 1863686999800545281
author Taraldsen, Knut T.
author_facet Taraldsen, Knut T.
author_search Taraldsen, Knut T.
author_sort Taraldsen, Knut T.
author_variant k t t kt ktt
collection_details MPIPL
container_reference P.53-70
container_start_page 53
container_title Representation and derivation in the theory of grammar
dedup_id_str MPIPL_cat.PL0031469
dewey-hierarchy 0/[Unassigned]/
dewey-hierarchy_str 0/[Unassigned]/
first_indexed 2024-07-08T10:27:10Z
format 0/Artikel/
format_str 0/Artikel/
fullrecord <?xml version="1.0" encoding="UTF-8"?> <collection xmlns:xsi="http://www.w3.org/2001/XMLSchema-instance" xsi:schemaLocation="http://www.loc.gov/MARC21/slim http://www.loc.gov/standards/marcxml/schema/MARC21slim.xsd" xmlns="http://www.loc.gov/MARC21/slim"> <record> <leader>00000naa a2200000 u 4500</leader> <controlfield tag="001">PL0031469</controlfield> <controlfield tag="003">PLI01000000000000000031365</controlfield> <controlfield tag="005">00000000000000.0</controlfield> <controlfield tag="008"> ||| u </controlfield> <datafield tag="100" ind1="1" ind2=" "> <subfield code="a">Taraldsen, Knut T.</subfield> </datafield> <datafield tag="245" ind1="0" ind2="0"> <subfield code="a">NP-movement and expletive chains</subfield> <subfield code="c">K.T. Taraldsen</subfield> </datafield> <datafield tag="260" ind1=" " ind2=" "> <subfield code="c">1991</subfield> </datafield> <datafield tag="952" ind1=" " ind2=" "> <subfield code="j">1991</subfield> <subfield code="h">P.53-70</subfield> </datafield> <datafield tag="996" ind1=" " ind2=" "> <subfield code="a">Aufsatz</subfield> </datafield> <datafield tag="997" ind1=" " ind2=" "> <subfield code="a">book chapter</subfield> </datafield> <datafield tag="773" ind1="0" ind2="8"> <subfield code="t">Representation and derivation in the theory of grammar</subfield> <subfield code="a">ed. by Hubert Haider and Klaus Netter</subfield> <subfield code="d">Dordrecht, 1991</subfield> <subfield code="g">P.53-70</subfield> <subfield code="k">Studies in natural language and linguistic theory</subfield> <subfield code="w">MPIPL_cat.PL0031467</subfield> <subfield code="z">0-7923-1150-7</subfield> <subfield code="i">In:</subfield> </datafield> <datafield tag="696" ind1=" " ind2=" "> <subfield code="a">Taraldsen, Knut Tarald</subfield> </datafield> </record> </collection>
hierarchy_parent_id MPIPL_cat.PL0031467
hierarchy_parent_title Representation and derivation in the theory of grammar
id MPIPL_cat.PL0031469
illustrated Not Illustrated
institution MPIPL_cat
institution_str MPIPL_cat
isbn 9780792311508
0-7923-1150-7
language und
language_str und
last_indexed 2026-04-27T23:41:20Z
local_fields Aufsatz
online false
online_MPIPL_cat false
online_str false
publishDate 1991
publishDate_str 1991
record_format marc
spelling Taraldsen, Knut T.
NP-movement and expletive chains
K.T. Taraldsen
1991
Representation and derivation in the theory of grammar
ed. by Hubert Haider and Klaus Netter
Dordrecht, 1991
P.53-70
Studies in natural language and linguistic theory
0-7923-1150-7
In
Taraldsen, Knut Tarald
spellingShingle Taraldsen, Knut T.
NP-movement and expletive chains
title NP-movement and expletive chains
title_full NP-movement and expletive chains K.T. Taraldsen
title_fullStr NP-movement and expletive chains K.T. Taraldsen
title_full_unstemmed NP-movement and expletive chains K.T. Taraldsen
title_search NP-movement and expletive chains
title_short NP-movement and expletive chains
title_sort np movement and expletive chains k t taraldsen